000 00521nam a2200217Ia 4500
008 160803s9999 xx 000 0 und d
020 _a9780590430128
100 _aLionni, Leo
245 _aAlexander and the wind-up mouse /
245 _cby Leo Lionni.
260 _aNew York :
260 _bScholastic Inc.
260 _c1969
300 _a32 unnumbered pages :
300 _bcolor illustrations ;
300 _c23 cm
650 _aMice --
650 _aMice.
650 _xFiction.
700 _a490
999 _c298179
_d298179